000 00532cam a22001457a 4500
008 180718b1971 xxu||||| |||| 00| 0 eng d
082 _aB835x73 B193
100 _aBaldinger,Stanley
245 _aPlanning and governing the metropolis
_cBy Stanley Baldinger
260 _aNew York
_bPraeger
_c1971
300 _axxvi, 285p
650 _aSaint Paul Metropolitan Area (Minn.) -- Politics and government
650 _aMinneapolis Metropolitan Area (Minn.) -- Politics and government
650 _aMetropolitan government -- Case studies
999 _c409153
_d409153